[Event "Eliminacje_Strefowe_OP_SL_2024_C13"]
[Site "?"]
[Date "2024.09.12"]
[Round "5.2"]
[White "Smolinski, Wojciech"]
[Black "Dudek, Bartlomiej"]
[Result "1-0"]
[BlackElo "1558"]
[WhiteElo "1887"]
[LiveChessVersion "1.4.8"]

1. e4 {[%clk 1:30:57]} e5 {[%clk 1:30:46]} 2. Nf3 {[%clk 1:31:21]} Nc6
{[%clk 1:30:55]} 3. Bb5 {[%clk 1:31:42]} a6 {[%clk 1:30:50]} 4. Ba4
{[%clk 1:31:54]} Bc5 {[%clk 1:26:31]} 5. c3 {[%clk 1:27:36]} Nge7
{[%clk 1:23:53]} 6. O-O {[%clk 1:26:43]} Ng6 {[%clk 1:14:50]} 7. d4
{[%clk 1:23:30]} Ba7 {[%clk 1:13:24]} 8. dxe5 {[%clk 0:58:07]} Ncxe5
{[%clk 1:08:23]} 9. Nxe5 {[%clk 0:57:28]} Nxe5 {[%clk 1:08:44]} 10. Qh5
{[%clk 0:53:37]} Qf6 {[%clk 0:58:32]} 11. Be3 {[%clk 0:34:52]} b5
{[%clk 0:46:27]} 12. Bxa7 {[%clk 0:33:01]} Rxa7 {[%clk 0:45:39]} 13. Bb3
{[%clk 0:32:00]} d6 {[%clk 0:43:43]} 14. Qe2 {[%clk 0:30:03]} O-O
{[%clk 0:43:21]} 15. Nd2 {[%clk 0:29:23]} Re8 {[%clk 0:37:21]} 16. f4
{[%clk 0:26:45]} Nd7 {[%clk 0:34:37]} 17. Qf2 {[%clk 0:25:13]} Ra8
{[%clk 0:31:54]} 18. Qd4 {[%clk 0:11:10]} c5 {[%clk 0:22:23]} 19. Qd5
{[%clk 0:08:45]} Rb8 {[%clk 0:18:17]} 20. e5 {[%clk 0:08:48]} Qe6
{[%clk 0:13:52]} 21. Qxd6 {[%clk 0:03:51]} Qxd6 {[%clk 0:13:28]} 22. exd6
{[%clk 0:04:19]} c4 {[%clk 0:13:22]} 23. Rfe1 {[%clk 0:02:42]} Bb7
{[%clk 0:09:48]} 24. Bc2 {[%clk 0:02:42]} g6 {[%clk 0:08:21]} 25. Ne4
{[%clk 0:01:23]} Bxe4 {[%clk 0:08:12]} 26. Rxe4 {[%clk 0:01:08]} Nc5
{[%clk 0:08:00]} 27. Rxe8+ {[%clk 0:01:07]} Rxe8 {[%clk 0:08:27]} 28. Kf2
{[%clk 0:01:30]} Rd8 {[%clk 0:08:09]} 29. Rd1 {[%clk 0:01:40]} Nb7
{[%clk 0:08:22]} 30. d7 {[%clk 0:01:31]} Nc5 {[%clk 0:08:35]} 31. Ke3
{[%clk 0:00:54]} f5 {[%clk 0:05:09]} 32. Rd6 {[%clk 0:00:44]} Rxd7
{[%clk 0:04:59]} 33. Rxd7 {[%clk 0:00:59]} Nxd7 {[%clk 0:05:24]} 34. Kd4
{[%clk 0:01:00]} Kf7 {[%clk 0:04:46]} 35. a4 {[%clk 0:00:50]} Ke6
{[%clk 0:04:48]} 36. b3 {[%clk 0:00:48]} cxb3 {[%clk 0:03:47]} 37. Bxb3+
{[%clk 0:01:12]} Kd6 {[%clk 0:04:13]} 38. axb5 {[%clk 0:00:55]} axb5
{[%clk 0:04:29]} 39. Bd1 {[%clk 0:00:55]} Nf6 {[%clk 0:04:26]} 40. Bf3
{[%clk 0:01:17]} h5 {[%clk 0:03:21]} 41. Be2 {[%clk 0:01:22]} Kc6
{[%clk 0:01:58]} 42. Bf3+ {[%clk 0:01:42]} Kd6 {[%clk 0:02:19]} 43. Be2
{[%clk 0:02:08]} Kc6 {[%clk 0:02:44]} 44. g3 {[%clk 0:00:39]} Ng4
{[%clk 0:02:27]} 45. h3 {[%clk 0:00:45]} Nf6 {[%clk 0:02:01]} 46. Bf3+
{[%clk 0:00:44]} Kd6 {[%clk 0:02:06]} 47. Bg2 {[%clk 0:00:57]} Nd7
{[%clk 0:01:26]} 48. Bd5 {[%clk 0:01:06]} Nf8 {[%clk 0:01:28]} 49. Bb3
{[%clk 0:01:13]} Nd7 {[%clk 0:00:54]} 50. Bf7 {[%clk 0:01:25]} Nf8
{[%clk 0:00:52]} 51. Be8 {[%clk 0:01:33]} Ne6+ {[%clk 0:00:56]} 52. Ke3
{[%clk 0:01:51]} Nf8 {[%clk 0:01:18]} 53. Bxb5 {[%clk 0:02:15]} Kc5
{[%clk 0:01:20]} 54. Be8 {[%clk 0:02:32]} Kc4 {[%clk 0:01:24]} 55. Kd2
{[%clk 0:02:51]} Kd5 {[%clk 0:01:24]} 56. Kd3 {[%clk 0:03:05]} Kc5
{[%clk 0:01:49]} 57. c4 {[%clk 0:02:42]} Kd6 {[%clk 0:01:54]} 58. Kc3
{[%clk 0:02:31]} Kc5 {[%clk 0:01:47]} 59. Bf7 {[%clk 0:02:35]} Kc6
{[%clk 0:01:58]} 60. Kd4 {[%clk 0:02:29]} Kd6 {[%clk 0:02:19]} 61. c5+
{[%clk 0:02:36]} Kd7 {[%clk 0:02:24]} 62. Kd5 {[%clk 0:01:49]} Kc7
{[%clk 0:02:32]} 63. c6 {[%clk 0:02:04]} g5 {[%clk 0:02:10]} 64. Bxh5
{[%clk 0:01:52]} 1-0

[Event "Eliminacje_Strefowe_OP_SL_2024_C13"]
[Site "?"]
[Date "2024.09.12"]
[Round "5.3"]
[White "Seemann, Adam"]
[Black "Rajbharath, Harjith"]
[Result "1-0"]
[BlackElo "1813"]
[WhiteElo "1731"]
[LiveChessVersion "1.4.8"]

1. e4 {[%clk 1:30:57]} e6 2. d4 {[%clk 1:31:18]} d5 {[%clk 1:31:19]} 3. Nd2
{[%clk 1:31:42]} c5 {[%clk 1:31:42]} 4. exd5 {[%clk 1:32:07]} Qxd5
{[%clk 1:31:42]} 5. Ngf3 {[%clk 1:32:29]} cxd4 {[%clk 1:32:02]} 6. Bc4
{[%clk 1:32:51]} Qd6 {[%clk 1:32:10]} 7. O-O {[%clk 1:33:10]} Nf6
{[%clk 1:32:36]} 8. Nb3 {[%clk 1:33:30]} Nc6 {[%clk 1:32:56]} 9. Nbxd4
{[%clk 1:33:33]} Nxd4 {[%clk 1:33:17]} 10. Nxd4 {[%clk 1:33:56]} a6
{[%clk 1:33:40]} 11. Re1 {[%clk 1:34:00]} Qc7 {[%clk 1:34:03]} 12. Bb3
{[%clk 1:34:21]} Bd7 {[%clk 1:34:06]} 13. c3 {[%clk 1:27:40]} O-O-O
{[%clk 1:29:32]} 14. Qf3 {[%clk 1:18:02]} Bd6 {[%clk 1:22:58]} 15. h3
{[%clk 1:15:21]} h6 {[%clk 1:20:30]} 16. a4 {[%clk 0:57:39]} Be5 {[%clk 0:53:01]}
17. Qe2 {[%clk 0:35:16]} Bxd4 {[%clk 0:50:18]} 18. cxd4 {[%clk 0:35:44]} Bc6
{[%clk 0:50:14]} 19. Bc4 {[%clk 0:23:15]} Nd5 {[%clk 0:40:42]} 20. Bxd5
{[%clk 0:19:13]} Rxd5 {[%clk 0:39:36]} 21. Be3 {[%clk 0:19:17]} Ra5
{[%clk 0:34:10]} 22. Rec1 {[%clk 0:18:36]} Qd6 {[%clk 0:33:10]} 23. b4
{[%clk 0:17:19]} Qxb4 {[%clk 0:31:53]} 24. Bd2 {[%clk 0:17:08]} Qb2
{[%clk 0:31:58]} 25. Qd3 {[%clk 0:13:26]} Rd5 {[%clk 0:29:45]} 26. Rab1
{[%clk 0:06:43]} Qxd4 {[%clk 0:29:10]} 27. Rxc6+ {[%clk 0:06:08]} bxc6
{[%clk 0:29:28]} 28. Qxa6+ {[%clk 0:06:30]} Kd7 {[%clk 0:28:54]} 29. Rb7+
{[%clk 0:05:57]} Kd6 {[%clk 0:28:41]} 30. Bb4+ {[%clk 0:05:42]} Ke5
{[%clk 0:26:31]} 31. Qxc6 {[%clk 0:05:28]} Qd1+ {[%clk 0:25:36]} 32. Kh2
{[%clk 0:05:48]} Kf6 {[%clk 0:14:50]} 33. Qc7 {[%clk 0:05:37]} Qh5
{[%clk 0:14:06]} 34. Bc3+ {[%clk 0:05:34]} Kg5 {[%clk 0:13:49]} 35. f4+
{[%clk 0:05:28]} 1-0

[Event "Eliminacje_Strefowe_OP_SL_2024_C13"]
[Site "?"]
[Date "2024.09.12"]
[Round "5.4"]
[White "Biela, Jan"]
[Black "Myslowski, Tomasz"]
[Result "1/2-1/2"]
[BlackElo "1457"]
[WhiteElo "1561"]
[LiveChessVersion "1.4.8"]

1. e4 {[%clk 1:30:54]} e6 2. d4 {[%clk 1:31:19]} d5 {[%clk 1:31:19]} 3. Nd2
{[%clk 1:31:41]} dxe4 {[%clk 1:31:34]} 4. Nxe4 {[%clk 1:31:55]} Bd7
{[%clk 1:31:47]} 5. Nf3 {[%clk 1:31:34]} Bc6 {[%clk 1:32:10]} 6. Bd3
{[%clk 1:30:57]} Nd7 {[%clk 1:32:04]} 7. Bf4 {[%clk 1:25:47]} Ngf6
{[%clk 1:31:46]} 8. Nxf6+ {[%clk 1:24:28]} Nxf6 9. c3 {[%clk 1:24:11]} Be7
{[%clk 1:16:48]} 10. O-O {[%clk 1:23:53]} O-O {[%clk 1:16:03]} 11. Ne5
{[%clk 1:23:42]} Qd5 {[%clk 1:13:37]} 12. Nxc6 {[%clk 1:23:17]} Qxc6
{[%clk 1:13:49]} 13. Qc2 {[%clk 1:21:16]} h6 {[%clk 1:09:58]} 14. Rfe1
{[%clk 1:15:26]} Rad8 {[%clk 1:01:57]} 15. Qd2 {[%clk 1:10:43]} Rd5
{[%clk 0:42:02]} 16. Be5 {[%clk 1:02:52]} Rdd8 {[%clk 0:39:39]} 17. Re3
{[%clk 1:00:44]} Ng4 {[%clk 0:32:31]} 18. Rg3 {[%clk 0:35:25]} Nxe5
{[%clk 0:32:25]} 19. dxe5 {[%clk 0:35:02]} Kh8 {[%clk 0:31:14]} 20. Rh3
{[%clk 0:30:19]} Bg5 {[%clk 0:18:44]} 21. Qxg5 {[%clk 0:30:12]} Rxd3
{[%clk 0:18:48]} 22. Rxh6+ {[%clk 0:27:45]} gxh6 {[%clk 0:18:49]} 23. Qxh6+
{[%clk 0:28:09]} Kg8 24. Qg5+ {[%clk 0:28:32]} Kh7 {[%clk 0:18:20]} 25. Qh5+
{[%clk 0:28:58]} Kg7 {[%clk 0:17:30]} 26. Qg5+ {[%clk 0:29:21]} Kh7
{[%clk 0:17:42]} 27. Qh5+ {[%clk 0:29:43]} Kg7 {[%clk 0:18:01]} 28. Qg5+
{[%clk 0:30:08]} Kh7 {[%clk 0:18:17]} 29. Qh5+ 1/2-1/2

[Event "Eliminacje_Strefowe_OP_SL_2024_C13"]
[Site "?"]
[Date "2024.09.12"]
[Round "5.5"]
[White "Pawleta, Mateusz"]
[Black "Rozycki, Tymoteusz"]
[Result "1-0"]
[BlackElo "1457"]
[WhiteElo "1767"]
[LiveChessVersion "1.4.8"]

1. d4 {[%clk 1:30:55]} Nf6 {[%clk 1:30:52]} 2. Nf3 {[%clk 1:31:09]} g6
{[%clk 1:31:16]} 3. g3 {[%clk 1:30:45]} Bg7 {[%clk 1:31:39]} 4. Bg2
{[%clk 1:31:01]} O-O {[%clk 1:31:59]} 5. O-O {[%clk 1:31:21]} c5 {[%clk 1:31:46]}
6. c3 {[%clk 1:31:16]} cxd4 {[%clk 1:32:10]} 7. cxd4 {[%clk 1:31:39]} d5
{[%clk 1:32:34]} 8. Nc3 {[%clk 1:31:25]} Nc6 {[%clk 1:32:54]} 9. Ne5
{[%clk 1:13:46]} e6 {[%clk 1:27:24]} 10. f4 {[%clk 0:59:49]} Nxe5
{[%clk 1:24:49]} 11. fxe5 {[%clk 0:59:19]} Nd7 {[%clk 1:24:39]} 12. b3
{[%clk 0:55:58]} a6 {[%clk 1:21:51]} 13. Ba3 {[%clk 0:43:50]} Re8
{[%clk 1:21:05]} 14. e3 {[%clk 0:43:33]} f5 {[%clk 1:16:22]} 15. Rc1
{[%clk 0:40:20]} Bh6 {[%clk 1:07:11]} 16. Qe2 {[%clk 0:38:34]} b5
{[%clk 1:05:38]} 17. Nxd5 {[%clk 0:37:53]} Bb7 {[%clk 1:03:26]} 18. Nc7
{[%clk 0:37:06]} Bxg2 {[%clk 1:03:32]} 19. Kxg2 {[%clk 0:37:29]} Nb6
{[%clk 1:00:06]} 20. Nxe8 {[%clk 0:37:04]} Qxe8 {[%clk 1:00:24]} 21. Rc5
{[%clk 0:36:19]} Nd5 {[%clk 1:00:26]} 22. Bc1 {[%clk 0:36:27]} Rc8
{[%clk 1:00:43]} 23. Rxc8 {[%clk 0:24:04]} Qxc8 {[%clk 1:01:05]} 24. e4
{[%clk 0:23:50]} Bxc1 {[%clk 1:01:14]} 25. exd5 {[%clk 0:24:05]} exd5
{[%clk 1:01:31]} 26. e6 {[%clk 0:23:04]} 1-0

[Event "Eliminacje_Strefowe_OP_SL_2024_C13"]
[Site "?"]
[Date "2024.09.12"]
[Round "5.6"]
[White "Plowy, Karol"]
[Black "Furas, Pawel"]
[Result "1-0"]
[BlackElo "1470"]
[WhiteElo "1638"]
[LiveChessVersion "1.4.8"]

1. e4 c5 {[%clk 1:30:51]} 2. c3 {[%clk 1:31:21]} d5 {[%clk 1:31:17]} 3. exd5
{[%clk 1:31:45]} Qxd5 4. d4 {[%clk 1:32:06]} g6 {[%clk 1:31:48]} 5. Nf3
{[%clk 1:30:27]} Bg7 {[%clk 1:31:42]} 6. Be3 {[%clk 1:28:06]} cxd4
{[%clk 1:29:28]} 7. cxd4 {[%clk 1:27:18]} Nc6 {[%clk 1:15:02]} 8. Nc3
{[%clk 1:18:11]} Qd6 {[%clk 1:11:17]} 9. Nb5 {[%clk 0:39:34]} Qb8
{[%clk 1:04:59]} 10. d5 {[%clk 0:22:40]} Ne5 {[%clk 1:02:09]} 11. d6 Nxf3+
{[%clk 1:01:24]} 12. gxf3 {[%clk 0:17:36]} exd6 {[%clk 0:59:28]} 13. Rc1
{[%clk 0:16:25]} Ne7 {[%clk 0:55:59]} 14. Nc7+ {[%clk 0:15:31]} Kf8
{[%clk 0:55:21]} 15. Nxa8 {[%clk 0:15:31]} Qxa8 {[%clk 0:55:33]} 16. Qxd6
{[%clk 0:15:14]} Be6 {[%clk 0:55:21]} 17. Rc7 {[%clk 0:14:53]} Bf6
{[%clk 0:54:37]} 18. Bh6+ {[%clk 0:14:54]} Ke8 {[%clk 0:54:08]} 19. Rxe7+ 1-0

[Event "Eliminacje_Strefowe_OP_SL_2024_C13"]
[Site "?"]
[Date "2024.09.12"]
[Round "5.7"]
[White "Zaglowek, Blazej"]
[Black "Reterski, Wiktor"]
[Result "1-0"]
[BlackElo "1621"]
[WhiteElo "1499"]
[LiveChessVersion "1.4.8"]

1. e4 {[%clk 1:30:56]} c5 {[%clk 1:30:55]} 2. Nf3 {[%clk 1:31:18]} e6
{[%clk 1:31:21]} 3. d4 {[%clk 1:31:40]} cxd4 {[%clk 1:31:45]} 4. Nxd4
{[%clk 1:32:05]} Nf6 {[%clk 1:32:10]} 5. Nc3 {[%clk 1:32:26]} Nc6
{[%clk 1:32:36]} 6. Nxc6 {[%clk 1:32:31]} bxc6 {[%clk 1:32:59]} 7. Bd3
{[%clk 1:32:28]} e5 {[%clk 1:32:45]} 8. O-O {[%clk 1:29:52]} d6 {[%clk 1:31:00]}
9. Bc4 {[%clk 1:23:17]} h6 {[%clk 1:23:22]} 10. h3 {[%clk 1:19:01]} Be7
{[%clk 1:21:36]} 11. Bb3 {[%clk 1:16:05]} O-O {[%clk 1:21:40]} 12. Be3
{[%clk 1:07:50]} Bb7 13. f4 {[%clk 0:59:46]} Re8 {[%clk 1:08:52]} 14. fxe5
{[%clk 0:58:14]} dxe5 {[%clk 1:07:41]} 15. Qf3 {[%clk 0:52:17]} Qc7
{[%clk 0:53:52]} 16. Qg3 {[%clk 0:44:02]} Kf8 {[%clk 0:40:30]} 17. Qh4
{[%clk 0:28:55]} Ba6 {[%clk 0:29:33]} 18. Rf5 {[%clk 0:14:30]} Bc8
{[%clk 0:23:54]} 19. Rf3 {[%clk 0:09:07]} Be6 {[%clk 0:15:13]} 20. Bxe6
{[%clk 0:09:08]} fxe6 {[%clk 0:15:31]} 21. Bxh6 {[%clk 0:05:50]} gxh6
{[%clk 0:15:14]} 22. Qxh6+ {[%clk 0:05:35]} Kf7 {[%clk 0:15:21]} 23. Qh7+
{[%clk 0:05:44]} Kf8 {[%clk 0:15:39]} 24. Rxf6+ {[%clk 0:05:17]} 1-0

[Event "Eliminacje_Strefowe_OP_SL_2024_C13"]
[Site "?"]
[Date "2024.09.12"]
[Round "5.8"]
[White "Musial, Bartosz"]
[Black "Kaluza, Jakub"]
[Result "1-0"]
[BlackElo "1655"]
[WhiteElo "1508"]
[LiveChessVersion "1.4.8"]

1. e4 {[%clk 1:31:00]} c6 {[%clk 1:30:50]} 2. d4 {[%clk 1:31:25]} d5
{[%clk 1:31:17]} 3. e5 {[%clk 1:31:50]} g6 {[%clk 1:31:13]} 4. Bd3
{[%clk 1:29:25]} Bg7 {[%clk 1:27:41]} 5. f4 {[%clk 1:24:46]} Nh6 {[%clk 1:24:57]}
6. Nf3 {[%clk 1:24:04]} Bg4 {[%clk 1:21:14]} 7. h3 {[%clk 1:18:49]} Bxf3
{[%clk 1:20:23]} 8. Qxf3 {[%clk 1:19:09]} f5 {[%clk 1:18:26]} 9. Nd2
{[%clk 1:15:42]} e6 {[%clk 1:15:57]} 10. Qf2 {[%clk 1:15:27]} a5 {[%clk 1:13:19]}
11. a4 {[%clk 1:12:46]} O-O {[%clk 1:07:27]} 12. Nf3 {[%clk 1:07:56]} Re8
{[%clk 0:57:23]} 13. b3 {[%clk 1:07:21]} Na6 {[%clk 0:57:25]} 14. c3
{[%clk 1:04:22]} Bf8 {[%clk 0:55:37]} 15. Ba3 {[%clk 1:00:37]} Nc7
{[%clk 0:51:50]} 16. Bxf8 {[%clk 0:56:53]} Rxf8 {[%clk 0:50:57]} 17. O-O
{[%clk 0:44:45]} Ne8 {[%clk 0:49:52]} 18. Ng5 {[%clk 0:42:41]} Qe7
{[%clk 0:45:24]} 19. Rfb1 {[%clk 0:42:08]} Nf7 {[%clk 0:43:55]} 20. Nf3
{[%clk 0:40:43]} Ng7 {[%clk 0:40:39]} 21. b4 {[%clk 0:39:50]} b6 {[%clk 0:38:40]}
22. bxa5 {[%clk 0:39:07]} bxa5 {[%clk 0:39:01]} 23. Rb6 {[%clk 0:38:58]} Qc7
{[%clk 0:38:11]} 24. Rab1 {[%clk 0:37:42]} Rfb8 {[%clk 0:37:02]} 25. Qb2
{[%clk 0:37:30]} Rxb6 {[%clk 0:36:30]} 26. Qxb6 {[%clk 0:37:54]} Qxb6
{[%clk 0:36:55]} 27. Rxb6 {[%clk 0:38:18]} Nd8 {[%clk 0:36:39]} 28. Nd2
{[%clk 0:38:09]} Ne8 {[%clk 0:35:59]} 29. Ra6 {[%clk 0:36:47]} Nc7
{[%clk 0:32:45]} 30. Rxa8 {[%clk 0:37:03]} Nxa8 {[%clk 0:33:14]} 31. Nb3
{[%clk 0:37:21]} Nb6 {[%clk 0:33:08]} 32. Nc5 {[%clk 0:37:09]} Kf7
{[%clk 0:31:37]} 33. Kf2 {[%clk 0:37:13]} Nc4 {[%clk 0:27:37]} 34. Ke2
{[%clk 0:36:30]} Ke7 {[%clk 0:26:31]} 35. Bxc4 {[%clk 0:26:15]} dxc4
{[%clk 0:26:55]} 36. Kf3 {[%clk 0:25:05]} h5 {[%clk 0:22:28]} 37. Kg3
{[%clk 0:23:00]} Ke8 {[%clk 0:19:26]} 38. Kh4 {[%clk 0:22:30]} Ke7
{[%clk 0:19:51]} 39. Kg5 {[%clk 0:21:48]} Kf7 {[%clk 0:20:07]} 40. Kh6
{[%clk 0:22:03]} Ke8 {[%clk 0:19:32]} 41. Kxg6 {[%clk 0:22:21]} Ke7
{[%clk 0:19:57]} 42. Kxh5 {[%clk 0:22:42]} 1-0

[Event "Eliminacje_Strefowe_OP_SL_2024_C13"]
[Site "?"]
[Date "2024.09.12"]
[Round "5.10"]
[White "Klepacz, Jakub"]
[Black "Furas, Piotr"]
[Result "1/2-1/2"]
[BlackElo "1406"]
[WhiteElo "1496"]
[LiveChessVersion "1.4.8"]

1. d4 {[%clk 1:30:57]} Nf6 {[%clk 1:30:50]} 2. c4 {[%clk 1:31:23]} g6
{[%clk 1:31:01]} 3. Nf3 {[%clk 1:31:45]} Bg7 {[%clk 1:31:22]} 4. g3
{[%clk 1:32:06]} e6 {[%clk 1:31:06]} 5. Nc3 {[%clk 1:32:20]} O-O {[%clk 1:31:12]}
6. Bg2 {[%clk 1:32:37]} d5 {[%clk 1:30:46]} 7. cxd5 {[%clk 1:32:31]} exd5
{[%clk 1:31:04]} 8. O-O {[%clk 1:32:32]} c6 {[%clk 1:31:20]} 9. Bf4
{[%clk 1:32:39]} Bf5 {[%clk 1:29:47]} 10. Rc1 {[%clk 1:31:21]} Ne4
{[%clk 1:29:57]} 11. Qb3 {[%clk 1:20:21]} Qd7 {[%clk 1:29:02]} 12. Rfd1
{[%clk 1:17:00]} Re8 {[%clk 1:27:22]} 13. Nxe4 {[%clk 1:13:45]} Bxe4
{[%clk 1:27:01]} 14. Ne5 {[%clk 1:12:17]} Qe7 {[%clk 1:25:55]} 15. f3
{[%clk 1:06:47]} Bf5 {[%clk 1:26:12]} 16. e4 {[%clk 1:07:10]} Be6
{[%clk 1:23:29]} 17. Qe3 {[%clk 1:05:19]} f6 {[%clk 1:23:06]} 18. Nd3
{[%clk 1:04:37]} g5 {[%clk 1:23:12]} 19. Bxb8 {[%clk 1:04:19]} Raxb8
{[%clk 1:23:35]} 20. Re1 {[%clk 1:02:39]} Qf7 {[%clk 1:22:44]} 21. e5
{[%clk 0:54:23]} Bf5 {[%clk 1:21:48]} 22. f4 {[%clk 0:51:40]} Qg6
{[%clk 1:21:26]} 23. Bf1 {[%clk 0:47:40]} Bh6 {[%clk 1:21:23]} 24. fxg5
{[%clk 0:43:59]} Bxg5 {[%clk 1:21:30]} 25. Nf4 {[%clk 0:42:23]} Re7
{[%clk 1:21:12]} 26. Nxg6 {[%clk 0:40:49]} Bxe3+ {[%clk 1:21:34]} 27. Rxe3
{[%clk 0:41:13]} hxg6 {[%clk 1:21:52]} 28. Rce1 {[%clk 0:41:22]} Re6
{[%clk 1:22:13]} 29. Kf2 {[%clk 0:38:20]} Kg7 {[%clk 1:22:29]} 30. h4
{[%clk 0:33:21]} Rbe8 {[%clk 1:20:26]} 31. exf6+ {[%clk 0:32:26]} Kxf6
{[%clk 1:20:26]} 32. Rxe6+ {[%clk 0:32:46]} Rxe6 {[%clk 1:20:38]} 33. Rxe6+
{[%clk 0:33:00]} Bxe6 {[%clk 1:21:01]} 34. Ke3 {[%clk 0:33:09]} g5
{[%clk 1:20:56]} 35. b4 {[%clk 0:30:52]} b5 {[%clk 1:20:59]} 36. a3
{[%clk 0:30:34]} a6 {[%clk 1:21:19]} 37. Bg2 {[%clk 0:29:52]} Kg6
{[%clk 1:20:37]} 38. Bf3 {[%clk 0:28:05]} Kh6 {[%clk 1:19:08]} 39. Be2
{[%clk 0:26:18]} 1/2-1/2

[Event "Eliminacje_Strefowe_OP_SL_2024_C13"]
[Site "?"]
[Date "2024.09.12"]
[Round "5.11"]
[White "Karnowka, Kacper"]
[Black "Kieca, Szymon"]
[Result "0-1"]
[BlackElo "1436"]
[WhiteElo "1507"]
[LiveChessVersion "1.4.8"]

1. e4 {[%clk 1:30:59]} c5 {[%clk 1:30:54]} 2. Nf3 {[%clk 1:31:23]} Nc6
{[%clk 1:31:12]} 3. c3 {[%clk 1:31:39]} d5 {[%clk 1:28:53]} 4. e5
{[%clk 1:29:22]} Bg4 {[%clk 1:29:00]} 5. Bb5 {[%clk 1:26:52]} Qc7
{[%clk 1:24:11]} 6. d4 {[%clk 1:26:42]} e6 {[%clk 1:21:47]} 7. Be3
{[%clk 1:25:55]} cxd4 {[%clk 1:19:40]} 8. cxd4 {[%clk 1:25:55]} Bb4+
{[%clk 1:19:26]} 9. Nc3 {[%clk 1:25:35]} Nge7 {[%clk 1:18:52]} 10. h3
{[%clk 1:24:27]} Bh5 {[%clk 1:16:42]} 11. O-O {[%clk 1:18:46]} O-O
{[%clk 1:16:05]} 12. a3 {[%clk 1:18:40]} Ba5 {[%clk 1:15:50]} 13. b4
{[%clk 1:17:45]} Bb6 {[%clk 1:15:37]} 14. g4 {[%clk 1:16:41]} Bg6
{[%clk 1:15:21]} 15. Na4 {[%clk 1:16:00]} a6 {[%clk 1:11:15]} 16. Nxb6
{[%clk 1:16:21]} Qxb6 {[%clk 1:11:07]} 17. Bd3 {[%clk 1:15:21]} Rac8
{[%clk 1:01:45]} 18. Rc1 {[%clk 1:14:29]} Na7 {[%clk 1:00:09]} 19. Qd2
{[%clk 1:11:56]} Nec6 {[%clk 0:58:25]} 20. Bxg6 {[%clk 1:09:02]} fxg6
{[%clk 0:53:54]} 21. Ne1 {[%clk 1:08:46]} Nb5 {[%clk 0:51:21]} 22. Nc2
{[%clk 1:08:32]} Qd8 {[%clk 0:49:36]} 23. Kg2 {[%clk 1:06:57]} Qe7
{[%clk 0:49:01]} 24. a4 {[%clk 1:05:25]} Nc7 {[%clk 0:47:03]} 25. f4
{[%clk 1:04:22]} Qd7 {[%clk 0:46:35]} 26. Kg3 {[%clk 0:57:39]} Ne7
{[%clk 0:45:39]} 27. Ra1 {[%clk 0:56:02]} Na8 {[%clk 0:43:46]} 28. Kg2
{[%clk 0:53:07]} Nb6 {[%clk 0:43:44]} 29. Bg1 {[%clk 0:50:50]} Nxa4
{[%clk 0:42:19]} 30. Rf3 {[%clk 0:49:28]} Nb6 {[%clk 0:42:06]} 31. Ne3
{[%clk 0:49:35]} Nc4 {[%clk 0:41:47]} 32. Nxc4 {[%clk 0:49:47]} Rxc4
{[%clk 0:41:55]} 33. Rc1 {[%clk 0:49:24]} Rfc8 {[%clk 0:41:27]} 34. Rfc3
{[%clk 0:49:19]} Qb5 {[%clk 0:40:49]} 35. Rxc4 {[%clk 0:48:45]} Rxc4
{[%clk 0:41:01]} 36. Rb1 {[%clk 0:47:38]} Nc6 {[%clk 0:39:22]} 37. Be3
{[%clk 0:47:38]} Rxb4 {[%clk 0:39:05]} 38. Rxb4 {[%clk 0:47:32]} Qxb4
{[%clk 0:39:12]} 39. Qxb4 {[%clk 0:47:44]} Nxb4 {[%clk 0:39:31]} 40. Kf2
{[%clk 0:47:32]} Nc2 {[%clk 0:39:12]} 41. h4 {[%clk 0:46:56]} Nxe3
{[%clk 0:39:20]} 42. Kxe3 {[%clk 0:47:21]} Kf7 {[%clk 0:39:28]} 43. Kd3
{[%clk 0:47:37]} a5 {[%clk 0:39:35]} 44. Kc3 {[%clk 0:47:59]} h5 {[%clk 0:39:31]}
45. g5 {[%clk 0:47:54]} b5 {[%clk 0:39:36]} 0-1

[Event "Eliminacje_Strefowe_OP_SL_2024_C13"]
[Site "?"]
[Date "2024.09.12"]
[Round "6.1"]
[White "Staniczek, Kacper"]
[Black "Smolinski, Wojciech"]
[Result "1-0"]
[BlackElo "1887"]
[WhiteElo "1897"]
[LiveChessVersion "1.4.8"]

1. e4 {[%clk 1:30:59]} e6 {[%clk 1:29:15]} 2. d4 {[%clk 1:31:15]} d5
{[%clk 1:29:37]} 3. Nc3 {[%clk 1:31:23]} Nf6 {[%clk 1:29:58]} 4. Bg5
{[%clk 1:31:37]} dxe4 {[%clk 1:30:18]} 5. Nxe4 {[%clk 1:30:28]} Be7
{[%clk 1:30:12]} 6. Bxf6 {[%clk 1:30:33]} gxf6 {[%clk 1:30:32]} 7. c3
{[%clk 1:29:37]} a6 {[%clk 1:28:41]} 8. Nf3 {[%clk 1:29:11]} f5 {[%clk 1:28:42]}
9. Ng3 {[%clk 1:29:08]} c5 {[%clk 1:23:25]} 10. dxc5 {[%clk 1:26:07]} Bxc5
{[%clk 1:19:35]} 11. Qxd8+ {[%clk 1:25:21]} Kxd8 {[%clk 1:19:39]} 12. Rd1+
{[%clk 1:25:41]} Kc7 {[%clk 1:17:56]} 13. Be2 {[%clk 1:24:36]} Nc6
{[%clk 1:17:46]} 14. O-O {[%clk 1:24:06]} Bd7 {[%clk 1:17:55]} 15. Rd2
{[%clk 1:24:13]} f6 {[%clk 1:12:22]} 16. Rfd1 {[%clk 1:24:08]} Rad8
{[%clk 1:11:39]} 17. Nh5 {[%clk 1:21:32]} Be7 {[%clk 1:10:58]} 18. Nf4
{[%clk 1:20:02]} Bf8 {[%clk 1:02:11]} 19. Bc4 {[%clk 1:15:24]} Bh6
{[%clk 1:01:48]} 20. Bxe6 {[%clk 1:14:19]} Bxf4 {[%clk 1:00:44]} 21. Rxd7+
{[%clk 1:14:43]} Kb6 {[%clk 1:00:05]} 22. Rxd8 {[%clk 1:14:38]} Rxd8
{[%clk 1:00:27]} 23. Rxd8 {[%clk 1:15:01]} Nxd8 {[%clk 1:00:52]} 24. Bxf5
{[%clk 1:14:55]} h6 {[%clk 1:01:17]} 25. Kf1 {[%clk 1:14:18]} Kc5
{[%clk 1:00:38]} 26. Ke2 {[%clk 1:14:10]} Nf7 {[%clk 1:00:40]} 27. b4+
{[%clk 1:13:12]} Kb6 {[%clk 0:59:59]} 28. g3 {[%clk 1:12:34]} Bd6
{[%clk 0:59:09]} 29. Be6 {[%clk 1:12:15]} Ng5 {[%clk 0:59:24]} 30. Nxg5
{[%clk 1:11:57]} fxg5 {[%clk 0:58:14]} 31. Bf7 {[%clk 1:08:04]} Be5
{[%clk 0:57:20]} 32. Kd3 {[%clk 1:08:11]} Kc6 {[%clk 0:56:22]} 33. c4
{[%clk 1:07:24]} Bb2 {[%clk 0:56:23]} 34. Bd5+ {[%clk 1:05:05]} Kc7
{[%clk 0:56:39]} 35. a4 {[%clk 0:59:28]} Ba3 {[%clk 0:55:23]} 36. Kc3
{[%clk 0:58:23]} a5 {[%clk 0:55:49]} 37. bxa5 {[%clk 0:58:07]} Bc5
{[%clk 0:56:12]} 38. f3 {[%clk 0:57:18]} Bg1 {[%clk 0:55:17]} 39. h3
{[%clk 0:57:03]} Bf2 {[%clk 0:54:36]} 40. g4 {[%clk 0:57:08]} Be1+
{[%clk 0:52:36]} 41. Kd4 {[%clk 0:57:14]} Bxa5 {[%clk 0:52:50]} 42. Ke5
{[%clk 0:57:20]} Bc3+ {[%clk 0:53:01]} 43. Ke6 {[%clk 0:56:45]} Bg7
{[%clk 0:53:05]} 44. Kf7 {[%clk 0:57:04]} Be5 {[%clk 0:52:44]} 45. Kg6
{[%clk 0:56:41]} b6 {[%clk 0:53:08]} 46. Kxh6 {[%clk 0:57:00]} Bf4
{[%clk 0:53:28]} 47. Kh5 {[%clk 0:57:09]} Kd6 {[%clk 0:53:40]} 48. h4
{[%clk 0:57:26]} gxh4 {[%clk 0:54:02]} 49. Kxh4 {[%clk 0:57:53]} Ke7
{[%clk 0:54:22]} 50. g5 {[%clk 0:57:46]} 1-0